000 00454nam a2200133 4500
999 _c9153
_d9153
008 180413b ||||| |||| 00| 0 eng d
082 _aDPer 050 Dec 2015-Mar 2016 T48 v186-187
100 _927341
_aBremmer, Ian.
245 _aWhat a U.K. exit from the E.U. could mean/
_cIan Bremmer.
260 _aNew York:
_bTime Inc.,
_c©Dec 2015-Mar 2016.
300 _av187 n8, page 8:
_c27 cm.
650 0 _927345
_aInternational relations.
942 _2ddc
_cPER